[Event "4NCL/Div1/MMNWE1 vs. WWKS"]
[Site "West Bromwich ENG"]
[Date "2003.10.19"]
[Round "2.2"]
[White "James, Russell A"]
[Black "Ghasi, Ameet K"]
[Result "1/2-1/2"]
[WhiteElo "2209"]
[BlackElo "2344"]
[PlyCount "40"]
[EventDate "2003.10.19"]

1. e4 c5 2. c3 Nf6 3. e5 Nd5 4. d4 cxd4 5. cxd4 d6 6. Nf3 Nc6 7. Bc4 Nb6 8. Bb3
dxe5 9. d5 Na5 10. Nc3 Nxb3 11. Qxb3 e6 12. Nxe5 exd5 13. Be3 Bd6 14. Qb5+ Kf8
15. Nf3 Bd7 16. Qd3 Na4 17. Nxa4 Bxa4 18. O-O f6 19. Rac1 Bc6 20. Nd4 Qd7
1/2-1/2

[Event "4NCL/Div1/MMNWE1 vs. WWKS"]
[Site "West Bromwich ENG"]
[Date "2003.10.19"]
[Round "2.3"]
[White "Hanley, Craig A"]
[Black "Mason, Don"]
[Result "1/2-1/2"]
[WhiteElo "2322"]
[BlackElo "2280"]
[PlyCount "70"]
[EventDate "2003.10.19"]

1. e4 e6 2. d4 d5 3. Nc3 Bb4 4. e5 c5 5. Bd2 Ne7 6. f4 Nf5 7. Nf3 cxd4 8. Nb5
Bc5 9. b4 a6 10. bxc5 axb5 11. Bxb5+ Bd7 12. Bd3 Na6 13. Bxf5 exf5 14. Nxd4
Nxc5 15. Bb4 Qb6 16. c3 Bb5 17. Bxc5 Qxc5 18. Qb3 Bd3 19. a4 O-O 20. Kd2 Be4
21. Rhg1 Ra5 22. g4 Ra6 23. Qb5 Qe7 24. gxf5 Qh4 25. Ke3 Rc8 26. Qb2 Rb6 27.
Nb5 Bxf5 28. Qg2 g6 29. Qg3 Qxg3+ 30. hxg3 Bd7 31. Kd3 Bxb5+ 32. axb5 Rxb5 33.
Rgb1 Rbc5 34. Ra3 b5 35. Rb4 Kf8 1/2-1/2

[Event "4NCL/Div1/MMNWE1 vs. WWKS"]
[Site "West Bromwich ENG"]
[Date "2003.10.19"]
[Round "2.4"]
[White "Dighton, Simon"]
[Black "Quillan, Gary"]
[Result "0-1"]
[WhiteElo "2247"]
[BlackElo "2323"]
[PlyCount "56"]
[EventDate "2003.10.19"]

1. e4 e6 2. d4 d5 3. Nd2 Nf6 4. e5 Nfd7 5. Bd3 c5 6. c3 Nc6 7. Ne2 cxd4 8. cxd4
f6 9. exf6 Nxf6 10. Nf3 Bd6 11. Bf4 Bxf4 12. Nxf4 Qa5+ 13. Qd2 Qxd2+ 14. Kxd2
O-O 15. g3 Ne4+ 16. Bxe4 dxe4 17. Ng5 e5 18. dxe5 Nxe5 19. Kc3 Bf5 20. Rhe1
Rac8+ 21. Kb3 Rfe8 22. Ngh3 h6 23. Ng1 g5 24. Ng2 Re6 25. a4 Rb6+ 26. Ka2 Be6+
27. b3 Bxb3+ 28. Kb1 Be6# 0-1

[Event "4NCL/Div1/MMNWE1 vs. WWKS"]
[Site "West Bromwich ENG"]
[Date "2003.10.19"]
[Round "2.5"]
[White "Kennaugh, Charles W"]
[Black "Thomas, Nicholas"]
[Result "1-0"]
[WhiteElo "2290"]
[BlackElo "2263"]
[PlyCount "47"]
[EventDate "2003.10.19"]

1. e4 e6 2. d4 d5 3. Nc3 Bb4 4. Bd3 c5 5. exd5 Qxd5 6. Bd2 Bxc3 7. Bxc3 cxd4 8.
Bxd4 e5 9. Bc3 Qxg2 10. Qf3 Qxf3 11. Nxf3 f6 12. Rg1 Kf7 13. O-O-O Ne7 14. Bxe5
Nbc6 15. Bd6 Be6 16. Be4 Nf5 17. Bc5 Rhd8 18. b3 Rxd1+ 19. Rxd1 Rc8 20. Kb2 b6
21. Ba3 g5 22. c3 g4 23. Nd4 Rd8 24. Bxc6 1-0

[Event "4NCL/Div1/MMNWE1 vs. WWKS"]
[Site "West Bromwich ENG"]
[Date "2003.10.19"]
[Round "2.6"]
[White "Wu, Li"]
[Black "Lund, D Brett"]
[Result "1-0"]
[WhiteElo "2182"]
[BlackElo "2231"]
[PlyCount "65"]
[EventDate "2003.10.19"]

1. d4 c5 2. d5 e6 3. e4 exd5 4. exd5 d6 5. Nc3 Nf6 6. Be2 Be7 7. Nf3 O-O 8. O-O
a6 9. a4 b6 10. Nd2 Ne8 11. f4 f5 12. Nf3 h6 13. Bc4 Bf6 14. h3 Bxc3 15. bxc3
Nf6 16. Bd3 Re8 17. Re1 Ra7 18. c4 Ne4 19. Bb2 Nd7 20. Nd2 Ndf6 21. Nxe4 Nxe4
22. Qh5 Kh7 23. Bxe4 g6 24. Bxf5 Bxf5 25. Rxe8 Qxe8 26. Qf3 Bxc2 27. Qc3 Bf5
28. Qf6 Rf7 29. Qxd6 Qe3+ 30. Kh2 Bxh3 31. Qb8 Bc8 32. Be5 Re7 33. Qd6 1-0

[Event "4NCL/Div1/MMNWE1 vs. WWKS"]
[Site "West Bromwich ENG"]
[Date "2003.10.19"]
[Round "2.7"]
[White "van der Linden, Lukas"]
[Black "Pitcher, John"]
[Result "1-0"]
[WhiteElo "2275"]
[BlackElo "2185"]
[PlyCount "77"]
[EventDate "2003.10.19"]

1. d4 d5 2. c4 c6 3. Nf3 Nf6 4. Nc3 a6 5. e3 b5 6. b3 Bg4 7. Be2 e6 8. h3 Bh5
9. Ne5 Bxe2 10. Qxe2 Bd6 11. Nd3 Be7 12. O-O O-O 13. Bd2 Nbd7 14. Rab1 Rc8 15.
Rfd1 Ne4 16. Be1 Bd6 17. a4 Qe7 18. axb5 axb5 19. c5 Bb8 20. Ra1 e5 21. Ra6 f5
22. f3 Nxc3 23. Bxc3 exd4 24. Bxd4 f4 25. Re1 Rfe8 26. Qd2 fxe3 27. Qxe3 Qh4
28. Qxe8+ Rxe8 29. Rxe8+ Kf7 30. Bf2 Qf6 31. Re3 Ne5 32. Nxe5+ Bxe5 33. Ra7+
Kg6 34. Re2 d4 35. Raa2 Qf4 36. Re4 Qc1+ 37. Re1 Qf4 38. Rae2 Qh2+ 39. Kf1 1-0

[Event "4NCL/Div1/MMNWE1 vs. WWKS"]
[Site "West Bromwich ENG"]
[Date "2003.10.19"]
[Round "2.8"]
[White "Chevannes, Sabrina"]
[Black "Milligan, Helen"]
[Result "1/2-1/2"]
[WhiteElo "2052"]
[BlackElo "2076"]
[PlyCount "53"]
[EventDate "2003.10.19"]

1. d4 Nf6 2. Nf3 e6 3. Bg5 c5 4. e3 Be7 5. Nbd2 cxd4 6. exd4 b6 7. Bd3 Bb7 8.
O-O d6 9. c3 O-O 10. Re1 Nbd7 11. Bc2 Re8 12. Nc4 Qc7 13. Ne3 h6 14. Bh4 a6 15.
Qe2 Bf8 16. Rad1 Rac8 17. Nd2 b5 18. a3 g6 19. Ng4 Bg7 20. Nxf6+ Nxf6 21. Bxf6
Bxf6 22. Ne4 Bxe4 23. Bxe4 d5 24. Bd3 Qd6 25. Qg4 h5 26. Qf3 Kg7 27. Bf1
1/2-1/2

[Event "4NCL/Div1/BET vs. WGR1"]
[Site "Telford ENG"]
[Date "2004.01.17"]
[Round "3.3"]
[White "Hunt, Adam C"]
[Black "Baburin, Alexander"]
[Result "1/2-1/2"]
[WhiteElo "2411"]
[BlackElo "2541"]
[PlyCount "50"]
[EventDate "2004.01.17"]

1. e4 Nf6 2. e5 Nd5 3. d4 d6 4. c4 Nb6 5. exd6 exd6 6. Nc3 Nc6 7. Be3 Be7 8.
Bd3 O-O 9. Nf3 Bg4 10. O-O Bf6 11. h3 Bxf3 12. Qxf3 g6 13. Qf4 Be5 14. dxe5
dxe5 15. Qh6 Qxd3 16. Rfd1 Qxc4 17. Bxb6 cxb6 18. Nd5 f6 19. Rac1 Qe2 20. f3
Rad8 21. Rd2 Qb5 22. Nxf6+ Rxf6 23. Rxc6 Rxd2 24. Rc8+ Kf7 25. Qxd2 Kg7 1/2-1/2

[Event "4NCL/Div1/BET vs. WGR1"]
[Site "Telford ENG"]
[Date "2004.01.17"]
[Round "3.5"]
[White "Ansell, Simon"]
[Black "Turner, Matthew J"]
[Result "1-0"]
[WhiteElo "2371"]
[BlackElo "2506"]
[PlyCount "99"]
[EventDate "2004.01.17"]

1. e4 c5 2. Nf3 g6 3. c3 d5 4. exd5 Qxd5 5. Na3 Bg7 6. Qb3 Qxb3 7. axb3 Nc6 8.
Nb5 Kd8 9. Ng5 Nh6 10. Bc4 a6 11. Bxf7 Ne5 12. Bc4 Nxc4 13. bxc4 Bf5 14. d3 Kd7
15. Na3 Kc6 16. Ke2 Rad8 17. Ne4 Ng4 18. f3 Ne5 19. Rd1 Bxe4 20. dxe4 Rxd1 21.
Kxd1 Nd3 22. Ke2 Rd8 23. Nc2 e6 24. g3 Ne5 25. Ne3 g5 26. Ng2 h6 27. b3 g4 28.
f4 Nf3 29. e5 Nxh2 30. Be3 Nf3 31. Rh1 b5 32. cxb5+ axb5 33. Nh4 Nxe5 34. fxe5
Bxe5 35. Ng6 Bxc3 36. Rxh6 Rd6 37. Nf4 e5 38. Rxd6+ Kxd6 39. Nd3 Bd4 40. Nf2
Kd5 41. Nxg4 c4 42. b4 Bb2 43. Nf6+ Ke6 44. Ne4 Kd5 45. Nf2 e4 46. Kd2 Be5 47.
g4 c3+ 48. Kc2 Kc4 49. Bc5 Kd5 50. Nd1 1-0

[Event "4NCL/Div1/BET vs. WGR1"]
[Site "Telford ENG"]
[Date "2004.01.17"]
[Round "3.6"]
[White "Ward, Christopher"]
[Black "Dworakowska, Joanna"]
[Result "1-0"]
[WhiteElo "2522"]
[BlackElo "2370"]
[PlyCount "89"]
[EventDate "2004.01.17"]

1. d4 f5 2. Bg5 h6 3. Bh4 g5 4. e4 Nf6 5. e5 e6 6. exf6 Qxf6 7. Qh5+ Kd8 8. Bg3
f4 9. Nf3 Nc6 10. c3 d5 11. Bb5 Bd7 12. O-O Bd6 13. Re1 Ke7 14. Nbd2 Rag8 15.
Bxc6 bxc6 16. Ne5 Be8 17. Qe2 h5 18. h3 fxg3 19. fxg3 c5 20. Qa6 Rf8 21. Re2
Qf5 22. Rae1 cxd4 23. cxd4 Rf6 24. Rf1 Qh7 25. Rxf6 Kxf6 26. Qc8 Bg6 27. Rf2+
Bf5 28. Qb7 Bxe5 29. dxe5+ Kxe5 30. Qxa7 g4 31. h4 Qe7 32. Nb3 Kf6 33. Qd4+ e5
34. Qxd5 Kg6 35. Qc6+ Qd6 36. Qc1 Qe7 37. Qe3 Rd8 38. Nc5 Rd4 39. Kh2 c6 40. a3
Rd5 41. b4 e4 42. a4 Kg7 43. a5 Bg6 44. a6 Rd1 45. a7 1-0

[Event "4NCL/Div1/BET vs. WGR1"]
[Site "Telford ENG"]
[Date "2004.01.17"]
[Round "3.7"]
[White "Eames, Robert G"]
[Black "Emms, John M"]
[Result "0-1"]
[WhiteElo "2295"]
[BlackElo "2501"]
[PlyCount "66"]
[EventDate "2004.01.17"]

1. d4 Nf6 2. Bg5 e6 3. e4 h6 4. Bxf6 Qxf6 5. Nc3 Bb4 6. Qd3 d5 7. e5 Qd8 8.
O-O-O c5 9. dxc5 O-O 10. f4 Nd7 11. Nce2 a5 12. Ng3 a4 13. a3 Bxc5 14. Nf3 b6
15. f5 Qc7 16. f6 Nxe5 17. Qe2 Ng4 18. fxg7 Rd8 19. Nd2 Ne3 20. Qh5 Bd4 21. Bd3
Bxg7 22. Rde1 d4 23. Kb1 Ba6 24. Rc1 Qe5 25. Qf3 Bxd3 26. cxd3 Rac8 27. Qb7
Rxc1+ 28. Rxc1 Qb5 29. Nc4 Qb3 30. Qe4 Rc8 31. Nh5 Nxc4 32. dxc4 d3 33. Nxg7 d2
0-1

[Event "4NCL/Div1/BET vs. WGR1"]
[Site "Telford ENG"]
[Date "2004.01.17"]
[Round "3.8"]
[White "Hunt, Harriet"]
[Black "Ledger, David J"]
[Result "1/2-1/2"]
[WhiteElo "2392"]
[BlackElo "2289"]
[PlyCount "66"]
[EventDate "2004.01.17"]

1. e4 e5 2. Nf3 Nc6 3. Bb5 Nf6 4. O-O Bc5 5. c3 O-O 6. d4 Bb6 7. Qd3 d6 8. Bg5
h6 9. Bh4 g5 10. Bg3 exd4 11. Nxd4 Nxd4 12. cxd4 c6 13. Ba4 d5 14. exd5 Nxd5
15. Bc2 f5 16. Be5 Kh7 17. a3 Ne7 18. Nd2 Ng6 19. Nc4 Nxe5 20. dxe5 Qxd3 21.
Bxd3 Bd4 22. Rae1 Be6 23. Nd6 Kg7 24. b4 b6 25. Rc1 Bxe5 26. Rfe1 Bf4 27. Rxc6
Bd5 28. Rc7+ Kf6 29. Rh7 Bg8 30. Rd7 Be6 31. Rh7 Bg8 32. Rd7 Be6 33. Rh7 Bg8
1/2-1/2

[Event "4NCL/Div1/3CS1 vs. WGR2"]
[Site "Telford ENG"]
[Date "2004.01.17"]
[Round "3.1"]
[White "Davies, Nigel R"]
[Black "Littlewood, Paul E"]
[Result "1-0"]
[WhiteElo "2502"]
[BlackElo "2390"]
[PlyCount "97"]
[EventDate "2004.01.17"]

1. Nf3 Nf6 2. c4 e6 3. g3 d5 4. Bg2 Be7 5. O-O O-O 6. d4 c6 7. Qc2 b6 8. Rd1
Bb7 9. b3 Na6 10. Nc3 Rc8 11. e4 Qe8 12. Bb2 b5 13. exd5 cxd5 14. c5 b4 15. Ne2
Ne4 16. Qd3 Nc7 17. Qe3 f6 18. a3 a5 19. axb4 axb4 20. Ra4 Bc6 21. Rxb4 Bb5 22.
Nc3 Nxc3 23. Bxc3 Kh8 24. Bf1 Bxf1 25. Rxf1 Nb5 26. Bb2 e5 27. Qd3 Nxd4 28.
Bxd4 exd4 29. Rxd4 Bxc5 30. Rxd5 Qc6 31. Nh4 Rf7 32. Nf5 Bf8 33. Rd1 Kg8 34.
Nd6 Bxd6 35. Rxd6 Qe8 36. b4 Rfc7 37. Qd5+ Kf8 38. Kg2 Rc4 39. Rd4 Rxd4 40.
Qxd4 Rb8 41. Rd7 Kg8 42. Qd5+ Kh8 43. b5 h5 44. b6 Kh7 45. b7 Qg6 46. h4 Kh6
47. Rc7 Qb1 48. Qf7 Qe4+ 49. Kh2 1-0

[Event "4NCL/Div1/3CS1 vs. WGR2"]
[Site "Telford ENG"]
[Date "2004.01.17"]
[Round "3.2"]
[White "Sowray, Peter J"]
[Black "Arkell, Keith C"]
[Result "0-1"]
[WhiteElo "2360"]
[BlackElo "2531"]
[PlyCount "150"]
[EventDate "2004.01.17"]

1. e4 c6 2. d4 d5 3. Nd2 dxe4 4. Nxe4 Nd7 5. Ng5 Ngf6 6. Bd3 e6 7. N1f3 Be7 8.
O-O h6 9. Ne4 Nxe4 10. Bxe4 c5 11. c4 Nf6 12. Bc2 O-O 13. Bf4 cxd4 14. Nxd4 Qb6
15. Qd3 Rd8 16. Be5 g6 17. Qc3 Ng4 18. Nb5 Nxe5 19. Qxe5 Qc5 20. Qxc5 Bxc5 21.
Rad1 Bd7 22. Rd3 Bc6 23. Rfd1 Rxd3 24. Rxd3 Kf8 25. Nd4 Be8 26. Rd1 Ke7 27. Nb3
Bb6 28. Be4 Rb8 29. Kf1 f5 30. Bf3 g5 31. g3 g4 32. Bg2 h5 33. Ke2 Ba4 34. Rd3
Bd7 35. Rd1 a5 36. Nd4 Bc7 37. Nb5 Be5 38. b3 h4 39. gxh4 Bxh2 40. f3 gxf3+ 41.
Bxf3 Bxb5 42. cxb5 b6 43. Rh1 Bd6 44. h5 e5 45. Bd5 e4 46. h6 Be5 47. h7 Rd8
48. Rf1 Rf8 49. Ke3 Bg7 50. Rh1 Kd6 51. Bg8 Ke5 52. Rh5 Rc8 53. a4 Rc3+ 54. Kd2
Rd3+ 55. Ke2 Bh8 56. Bc4 Rd6 57. Ke3 Rg6 58. Bf7 Rg3+ 59. Kf2 Rg7 60. Bc4 Rg6
61. Ke3 Rg2 62. Bf7 Bg7 63. h8=Q Bxh8 64. Be6 Rg3+ 65. Ke2 Kxe6 66. Rxh8 Rxb3
67. Rh6+ Ke5 68. Rxb6 Rb4 69. Ra6 Rxa4 70. b6 Kf4 71. b7 Rb4 72. Ra7 a4 73. Kd2
a3 74. Kc3 Rb1 75. Kd4 a2 0-1

[Event "4NCL/Div1/3CS1 vs. WGR2"]
[Site "Telford ENG"]
[Date "2004.01.17"]
[Round "3.3"]
[White "Gordon, Stephen J"]
[Black "Martin, Andrew D"]
[Result "1/2-1/2"]
[WhiteElo "2284"]
[BlackElo "2429"]
[PlyCount "26"]
[EventDate "2004.01.17"]

1. d4 Nf6 2. Bg5 Ne4 3. Bf4 e6 4. e3 d5 5. Bd3 b6 6. Ne2 Bb7 7. Nd2 Bd6 8. O-O
O-O 9. Bxd6 Qxd6 10. c3 Nd7 11. f4 Nxd2 12. Qxd2 f5 13. Kh1 c5 1/2-1/2

[Event "4NCL/Div1/3CS1 vs. WGR2"]
[Site "Telford ENG"]
[Date "2004.01.17"]
[Round "3.4"]
[White "Rechel, Bernd"]
[Black "Clarke, Stuart W"]
[Result "1-0"]
[WhiteElo "2420"]
[BlackElo "2310"]
[PlyCount "73"]
[EventDate "2004.01.17"]

1. e4 e5 2. Nf3 Nf6 3. Nxe5 d6 4. Nf3 Nxe4 5. d4 d5 6. Bd3 Bd6 7. O-O O-O 8. c4
c6 9. Qc2 Na6 10. a3 Bg4 11. Nbd2 f5 12. b4 Qf6 13. Ne5 Nxd2 14. Qxd2 Bxe5 15.
dxe5 Qxe5 16. Bb2 d4 17. Rfe1 Qf6 18. c5 Rad8 19. Bc4+ Kh8 20. Re6 Qf7 21. Ba2
Rfe8 22. Rxe8+ Qxe8 23. Re1 Qf8 24. Bxd4 Nc7 25. Qf4 Nd5 26. Qg5 Nf6 27. Bb2
Qe7 28. Bc3 Be2 29. h3 Rd1 30. Rxd1 Bxd1 31. Qxf5 Bh5 32. Bxf6 gxf6 33. Qxh5
Qe1+ 34. Kh2 Qxf2 35. Qe8+ Kg7 36. Qf7+ Kh6 37. Qf8+ 1-0

[Event "4NCL/Div1/3CS1 vs. WGR2"]
[Site "Telford ENG"]
[Date "2004.01.17"]
[Round "3.5"]
[White "Ashton, Adam G"]
[Black "Tiller, Bjorn"]
[Result "1/2-1/2"]
[WhiteElo "2235"]
[BlackElo "2382"]
[PlyCount "32"]
[EventDate "2004.01.17"]

1. e4 g6 2. d4 Bg7 3. Nc3 d6 4. Nf3 a6 5. Be3 b5 6. Bd3 Nd7 7. a4 b4 8. Ne2 c5
9. c3 bxc3 10. bxc3 Ngf6 11. h3 Qc7 12. O-O O-O 13. Ng3 e6 14. Qd2 Bb7 15. Bh6
Bc6 16. Rfe1 Kh8 1/2-1/2

[Event "4NCL/Div1/3CS1 vs. WGR2"]
[Site "Telford ENG"]
[Date "2004.01.17"]
[Round "3.6"]
[White "Tan, Desmond"]
[Black "Bentley, John L"]
[Result "1/2-1/2"]
[WhiteElo "2332"]
[BlackElo "2218"]
[PlyCount "64"]
[EventDate "2004.01.17"]

1. e4 c5 2. Nc3 g6 3. d4 cxd4 4. Qxd4 Nf6 5. Nf3 Nc6 6. Qa4 d6 7. e5 Ng4 8.
exd6 Bg7 9. Bb5 Qxd6 10. O-O O-O 11. Bf4 e5 12. Rad1 Qb4 13. Bc1 Qxa4 14. Bxa4
Be6 15. h3 Nh6 16. Rfe1 f6 17. Bxc6 bxc6 18. Rd6 Kf7 19. Rxc6 Rfc8 20. Rxc8
Rxc8 21. g4 Ng8 22. Kg2 g5 23. Be3 a6 24. Rd1 Bf8 25. Nd2 h6 26. Nde4 Rc6 27.
f3 f5 28. gxf5 Bxf5 29. Rd5 Bb4 30. Rxe5 Bxe4 31. fxe4 Bxc3 32. bxc3 Rxc3
1/2-1/2

[Event "4NCL/Div1/3CS1 vs. WGR2"]
[Site "Telford ENG"]
[Date "2004.01.17"]
[Round "3.7"]
[White "Taylor, Robert M"]
[Black "Law, Andrew P"]
[Result "1/2-1/2"]
[WhiteElo "2175"]
[BlackElo "2310"]
[PlyCount "26"]
[EventDate "2004.01.17"]

1. e4 e5 2. Nf3 Nf6 3. Nc3 Bb4 4. a3 Bxc3 5. dxc3 d6 6. Bd3 Nbd7 7. Bg5 h6 8.
Bh4 Nc5 9. Nd2 Ne6 10. Bg3 O-O 11. O-O b6 12. Re1 Bb7 13. Qe2 Re8 1/2-1/2

[Event "4NCL/Div1/3CS1 vs. WGR2"]
[Site "Telford ENG"]
[Date "2004.01.17"]
[Round "3.8"]
[White "Gilbert, Jessie"]
[Black "Kosteniuk, Oxana"]
[Result "1-0"]
[WhiteElo "2122"]
[BlackElo "2113"]
[PlyCount "55"]
[EventDate "2004.01.17"]

1. d4 d5 2. c4 c6 3. cxd5 cxd5 4. Bf4 Qb6 5. Qd2 Nf6 6. Nc3 Bf5 7. e3 e6 8. f3
Bb4 9. Nge2 Nc6 10. g4 Bg6 11. Kf2 Rc8 12. Rc1 Qd8 13. h4 h6 14. Bg3 Nd7 15.
Nf4 Bh7 16. Bd3 Bxd3 17. Nxd3 Bxc3 18. Rxc3 O-O 19. Rhc1 Nb6 20. b3 Qe7 21. a4
f5 22. Kg2 fxg4 23. fxg4 Qf6 24. Qe2 Ra8 25. Nc5 Qe7 26. Nxb7 Nxd4 27. exd4
Qxb7 28. Rc7 1-0

[Event "4NCL/Div1/WWKS vs. RIC"]
[Site "Telford ENG"]
[Date "2004.01.17"]
[Round "3.1"]
[White "Thomas, Nicholas"]
[Black "Wall, Gavin"]
[Result "1/2-1/2"]
[WhiteElo "2263"]
[BlackElo "2413"]
[PlyCount "56"]
[EventDate "2004.01.17"]

1. e4 e5 2. Bc4 Nf6 3. d4 exd4 4. Nf3 Nc6 5. O-O Nxe4 6. Re1 d5 7. Bxd5 Qxd5 8.
Nc3 Qd8 9. Rxe4+ Be7 10. Nxd4 f5 11. Rf4 O-O 12. Nxc6 Qxd1+ 13. Nxd1 bxc6 14.
Rc4 c5 15. Be3 Be6 16. Rc3 c4 17. Bf4 c6 18. Re3 Kf7 19. Nc3 Rfe8 20. Rd1 Rad8
21. Rxd8 Rxd8 22. Be5 g5 23. g3 Rd7 24. Kf1 Rb7 25. Ne2 Bc5 26. Bd4 Bd6 27. Bc3
c5 28. Ke1 h5 1/2-1/2

[Event "4NCL/Div1/WWKS vs. RIC"]
[Site "Telford ENG"]
[Date "2004.01.17"]
[Round "3.2"]
[White "Van de Griendt, Jan W"]
[Black "Mason, Don"]
[Result "1-0"]
[WhiteElo "2373"]
[BlackElo "2280"]
[PlyCount "81"]
[EventDate "2004.01.17"]

1. d4 e6 2. c4 f5 3. g3 Nf6 4. Bg2 Be7 5. Nf3 d6 6. O-O O-O 7. Nc3 Ne4 8. Qc2
Nxc3 9. Qxc3 Bf6 10. b4 Nd7 11. Bb2 e5 12. dxe5 Nxe5 13. Qb3 Nxf3+ 14. Bxf3
Bxb2 15. Qxb2 f4 16. Rfd1 Qe7 17. Rac1 a5 18. b5 Rb8 19. b6 fxg3 20. hxg3 c6
21. Qd2 Rf6 22. Qxa5 Bf5 23. Rd4 Rbf8 24. Rcd1 Bc2 25. R1d2 c5 26. Rh4 Rg6 27.
Kh2 Bf5 28. Qc3 Rgf6 29. Qe3 Qxe3 30. fxe3 g5 31. Rh5 h6 32. g4 Bd7 33. Kg3 Bc8
34. Rh1 Re8 35. Rhd1 Rxe3 36. Rxd6 Kg7 37. Rxf6 Kxf6 38. Rd8 Be6 39. Kf2 Ra3
40. Bxb7 Rxa2 41. Bf3 1-0

[Event "4NCL/Div1/WWKS vs. RIC"]
[Site "Telford ENG"]
[Date "2004.01.17"]
[Round "3.3"]
[White "Hynes, Anthony"]
[Black "Bates, Richard A"]
[Result "0-1"]
[WhiteElo "2289"]
[BlackElo "2376"]
[PlyCount "76"]
[EventDate "2004.01.17"]

1. e4 c5 2. Nf3 d6 3. d4 cxd4 4. Nxd4 Nf6 5. Nc3 a6 6. Bg5 Nc6 7. Bxf6 gxf6 8.
Bc4 Rg8 9. g3 Bg4 10. f3 Nxd4 11. Qxd4 Bxf3 12. O-O Bg4 13. Nd5 Rg5 14. h4 Re5
15. Rf4 Be6 16. Raf1 Rc8 17. Bb3 Qa5 18. Kh1 Qc5 19. Qd3 b5 20. a3 a5 21. a4 b4
22. Rd1 Bh6 23. Rff1 Bg7 24. Kh2 f5 25. Qb5+ Qxb5 26. axb5 fxe4 27. b6 Bxd5 28.
Rxd5 Rxd5 29. Bxd5 e6 30. Bxe4 Bxb2 31. Bxh7 Ke7 32. Rf4 Rb8 33. Rc4 Rxb6 34.
Rc7+ Kf8 35. Ra7 Rb5 36. Bd3 Rc5 37. g4 Be5+ 38. Kh3 b3 0-1

[Event "4NCL/Div1/WWKS vs. RIC"]
[Site "Telford ENG"]
[Date "2004.01.17"]
[Round "3.4"]
[White "Webb, Laurence E"]
[Black "Dighton, Simon"]
[Result "1-0"]
[WhiteElo "2344"]
[BlackElo "2247"]
[PlyCount "129"]
[EventDate "2004.01.17"]

1. e4 e6 2. d4 d5 3. Nc3 Bb4 4. e5 c5 5. Bd2 Ne7 6. Nb5 Bxd2+ 7. Qxd2 O-O 8. c3
Nd7 9. f4 Nc6 10. Nf3 f6 11. Be2 a6 12. Nd6 b5 13. O-O Qb6 14. Kh1 b4 15. Rad1
cxd4 16. cxd4 a5 17. Nxc8 Raxc8 18. Bd3 Ne7 19. Rc1 Qb8 20. exf6 Nxf6 21. Ng5
Rxc1 22. Qxc1 Nf5 23. Nxe6 Rc8 24. Qe1 Nd6 25. Qg3 Qa7 26. f5 Nde4 27. Qf4 h6
28. g3 Qf7 29. Kg2 Qh5 30. Rc1 Rxc1 31. Qxc1 Qxf5 32. Qc8+ Kf7 33. Nd8+ Kg6 34.
Qxf5+ Kxf5 35. Nc6 Ng4 36. Nxa5 Ne3+ 37. Kf3 Nd1 38. Nc6 Nxb2 39. Bc2 Nc4 40.
Nxb4 Ke6 41. Bxe4 Nd2+ 42. Ke3 Nxe4 43. a4 Nd6 44. Kf4 Nc4 45. h4 Na5 46. Nd3
Kf6 47. Nc5 g6 48. Nd7+ Ke6 49. Ne5 Nb3 50. Ke3 Kf5 51. g4+ Kf6 52. Nd7+ Ke7
53. Nc5 Na5 54. Kf4 Kf6 55. g5+ hxg5+ 56. hxg5+ Ke7 57. Ke5 Nc4+ 58. Kxd5 Nd6
59. Ne4 Nb7 60. Ke5 Na5 61. d5 Nc4+ 62. Kd4 Na5 63. Kc5 Kd7 64. Kb5 Nb7 65.
Nc5+ 1-0

[Event "4NCL/Div1/WWKS vs. RIC"]
[Site "Telford ENG"]
[Date "2004.01.17"]
[Round "3.5"]
[White "James, Russell A"]
[Black "Hinks-Edwards, Thomas"]
[Result "1/2-1/2"]
[WhiteElo "2209"]
[BlackElo "2357"]
[PlyCount "44"]
[EventDate "2004.01.17"]

1. e4 c5 2. c3 Nf6 3. e5 Nd5 4. d4 cxd4 5. cxd4 d6 6. Nf3 Nc6 7. Bc4 Nb6 8. Bb3
dxe5 9. d5 Na5 10. Nc3 Nxb3 11. Qxb3 e6 12. Nxe5 exd5 13. Be3 Bd6 14. Qb5+ Kf8
15. Nf3 Be6 16. O-O Nc4 17. Qxb7 Qc8 18. Qxc8+ Rxc8 19. Bd4 Nxb2 20. Nb5 Nc4
21. Nxd6 Nxd6 22. Bxa7 Ke7 1/2-1/2

[Event "4NCL/Div1/WWKS vs. RIC"]
[Site "Telford ENG"]
[Date "2004.01.17"]
[Round "3.6"]
[White "Nixon, Thomas C M"]
[Black "Wu, Li"]
[Result "1/2-1/2"]
[WhiteElo "2209"]
[BlackElo "2167"]
[PlyCount "35"]
[EventDate "2004.01.17"]

1. d4 Nf6 2. c4 g6 3. Nc3 Bg7 4. e4 O-O 5. Be3 Nc6 6. d5 Ne5 7. f4 Neg4 8. Bd2
h5 9. e5 Nh7 10. Nf3 d6 11. h3 Nh6 12. Bd3 c6 13. e6 fxe6 14. Bxg6 exd5 15.
cxd5 Nf6 16. dxc6 bxc6 17. Qc2 Rb8 18. Na4 1/2-1/2

[Event "4NCL/Div1/WWKS vs. RIC"]
[Site "Telford ENG"]
[Date "2004.01.17"]
[Round "3.7"]
[White "Pitcher, John"]
[Black "Franklin, Michael J"]
[Result "1/2-1/2"]
[WhiteElo "2185"]
[BlackElo "2224"]
[PlyCount "67"]
[EventDate "2004.01.17"]

1. e4 c5 2. Nc3 a6 3. g3 Nc6 4. Bg2 g6 5. d3 Bg7 6. Be3 d6 7. Qd2 e6 8. f4 Nge7
9. Nf3 Nd4 10. O-O f5 11. Qf2 Nec6 12. Nh4 O-O 13. exf5 gxf5 14. Nd1 Ne7 15. c3
Ndc6 16. Nf3 Nd5 17. Bd2 Bd7 18. Ne3 Nf6 19. Nc4 Qc7 20. a4 b5 21. axb5 axb5
22. Na3 Rab8 23. Nc2 Nd5 24. Rfe1 h6 25. Nh4 Nf6 26. Qe2 Rfe8 27. Rf1 Na5 28.
Kh1 Nb3 29. Ra3 Nxd2 30. Qxd2 d5 31. Nf3 Bf8 32. Rfa1 Bc6 33. Ne5 Bb7 34. Ra5
1/2-1/2

[Event "4NCL/Div1/WWKS vs. RIC"]
[Site "Telford ENG"]
[Date "2004.01.17"]
[Round "3.8"]
[White "Wilson, Alexandra"]
[Black "Chevannes, Sabrina"]
[Result "1/2-1/2"]
[WhiteElo "2014"]
[BlackElo "2052"]
[PlyCount "55"]
[EventDate "2004.01.17"]

1. e4 d5 2. exd5 Nf6 3. d4 Bg4 4. Be2 Bxe2 5. Qxe2 Qxd5 6. Nf3 e6 7. O-O Be7 8.
c4 Qf5 9. Re1 Nc6 10. Nc3 O-O 11. Nb5 Rad8 12. Be3 a6 13. Nc3 Ne4 14. Nxe4 Qxe4
15. Rad1 Bb4 16. Rf1 Be7 17. Qd3 Qxd3 18. Rxd3 e5 19. d5 e4 20. Rdd1 exf3 21.
dxc6 fxg2 22. Kxg2 bxc6 23. Rc1 Rd3 24. c5 Bf6 25. b3 Rfd8 26. Rc4 R3d5 27. Ra4
Ra8 28. Rc1 1/2-1/2

[Event "4NCL/Div1/BAR1 vs. AD1"]
[Site "Telford ENG"]
[Date "2004.01.17"]
[Round "3.1"]
[White "Parker, Jonathan"]
[Black "Chandler, Murray G"]
[Result "1/2-1/2"]
[WhiteElo "2541"]
[BlackElo "2508"]
[PlyCount "83"]
[EventDate "2004.01.17"]

1. d4 Nf6 2. c4 e6 3. Nc3 Bb4 4. Nf3 c5 5. g3 cxd4 6. Nxd4 O-O 7. Bg2 d5 8. Qb3
Bxc3+ 9. Qxc3 e5 10. Nb3 Nc6 11. Bg5 dxc4 12. Qxc4 Be6 13. Qh4 Bxb3 14. axb3
Nd4 15. O-O Nxe2+ 16. Kh1 Nd4 17. Bxb7 Rb8 18. Be4 h6 19. Bxf6 Qxf6 20. Qxf6
gxf6 21. Rxa7 Rxb3 22. Rb1 Rfb8 23. Bd5 Rxb2 24. Rxb2 Rxb2 25. Rxf7 Rb5 26. Bc4
Rb4 27. Rc7+ Kf8 28. Kg2 f5 29. Bf7 Rb6 30. Rd7 Nc6 31. Bh5 Ne7 32. Ra7 e4 33.
Rd7 Rb5 34. Rd6 Kg7 35. Re6 Nd5 36. Rg6+ Kh7 37. Rd6 Kg7 38. Rg6+ Kh7 39. Rd6
Kg7 40. Be2 Rc5 41. Rd7+ Kf6 42. Rd6+ 1/2-1/2

[Event "4NCL/Div1/BAR1 vs. AD1"]
[Site "Telford ENG"]
[Date "2004.01.17"]
[Round "3.2"]
[White "Mestel, A Jonathan"]
[Black "Kelly, Brian"]
[Result "1/2-1/2"]
[WhiteElo "2496"]
[BlackElo "2499"]
[PlyCount "132"]
[EventDate "2004.01.17"]

1. c4 c6 2. e4 d5 3. cxd5 cxd5 4. exd5 Nf6 5. Bb5+ Nbd7 6. Nc3 a6 7. Bxd7+ Qxd7
8. Nf3 Nxd5 9. O-O e6 10. Ne5 Nxc3 11. bxc3 Qc7 12. d4 Bd6 13. Bf4 O-O 14. Qf3
Rb8 15. Rac1 b6 16. c4 f6 17. Nd3 Rd8 18. Qe3 Bd7 19. c5 bxc5 20. dxc5 Bxf4 21.
Nxf4 Qc6 22. Rfd1 e5 23. Nd5 Kf8 24. Qe4 Be8 25. Qf3 {(=)} 25... Bf7 26. Nb6
Qxf3 27. gxf3 Rxd1+ 28. Rxd1 Rb7 29. a4 Rc7 30. Rc1 a5 31. h4 Ke7 32. Kf1 Ke6
33. Ke2 Be8 34. Ke3 g5 35. hxg5 fxg5 36. Na8 Rc6 37. Nb6 h5 38. Kd3 Rc7 39. Kc4
Bc6 40. Rg1 Rg7 41. f4 exf4 42. Re1+ Kf5 43. Nd5 Bxa4 44. Ne7+ Kg4 45. Kd5 Kf3
46. c6 Kxf2 47. c7 Kxe1 48. c8=Q Rxe7 49. Qc3+ Kf2 50. Qd4+ Kg2 51. Qf6 Rd7+
52. Ke6 g4 53. Qxf4 Bc6 54. Qc1 Rc7 55. Qb2+ Kh3 56. Qh8 Bf3 57. Qxh5+ Kg2 58.
Qxa5 Rc2 59. Kf5 g3 60. Qe5 Re2 61. Qd4 Re8 62. Qd2+ Re2 63. Qd4 Rf2 64. Kg5
Bc6 65. Qc3 Bf3 66. Qd4 Re2 1/2-1/2